Statistics for 23 MCU movies in chronological order

Click here to take the quiz!

General Stats

  • This quiz has been taken 75 times
  • The average score is 19 of 23

Answer Stats

OrderAnswer% Correct
1Captain America The First Avenger
98%
3Iron Man
90%
6Thor
90%
2Captain Marvel
88%
4Iron Man 2
88%
7The Avengers
86%
9Thor The Dark World
86%
8Iron Man 3
84%
5The Incredible Hulk
84%
10Captain America The Winter Soldier
82%
14Ant-Man
80%
15Captain America Civil War
80%
11Guardians of the Galaxy
78%
16Spiderman Homecoming
78%
21Ant-Man and The Wasp
76%
13Avengers Age of Ultron
76%
22Avengers Endgame
76%
20Avengers Infinity War
76%
19Thor Ragnarok
76%
18Black Panther
75%
17Doctor Strange
75%
12Guardians of the Galaxy Vol. 2
75%
23Spiderman Far From Home
75%

Score Distribution

Percentile by Number Answered

Percent of People with Each Score

Your Score History

You have not taken this quiz